Un arte de fantasmas /
Salvato in:
| Autore principale: | |
|---|---|
| Natura: | Libro |
| Lingua: | spagnolo |
| Pubblicazione: |
México :
Textofilia : CONACULTA : Instituto Nacional de Bellas Artes,
2013, c2013
|
| Serie: | (Lumía ; Ensayos)
27. |
| Soggetti: | |
| Tags: |
Nessun Tag, puoi essere il primo ad aggiungerne!!
|
MARC
| LEADER | 00000nam^a2200000^a^4500 | ||
|---|---|---|---|
| 001 | 000399919 | ||
| 005 | 20250521000000.0 | ||
| 009 | 20260310121604.099 | ||
| 020 | |a 978-607-7818-85-4 | ||
| 037 | |a Acervo ITESO - Biblioteca | ||
| 041 | |a ESP | ||
| 082 | |a 302. 2350972 |b COL | ||
| 100 | |a Colina, José de la |e (autor) | ||
| 245 | 1 | 3 | |a Un arte de fantasmas / |c J. de la Colina. |
| 264 | 4 | |a México : |b Textofilia : |b CONACULTA : |b Instituto Nacional de Bellas Artes, |c 2013, c2013 | |
| 300 | |a 136 p. | ||
| 336 | |a texto |b txt |2 rdacontenido | ||
| 337 | |a sin mediación |b n |2 rdamedio | ||
| 338 | |a volumen |b nc |2 rdasoporte | ||
| 440 | 1 | |a (Lumía ; |v 27. |p Ensayos) | |
| 521 | |a FIL 2017 EEnlace Departamento de Estudios Socioculturales | ||
| 545 | 0 | |a José de la Colina (1934), escritor y crítico de cine nacido en Santander, España, arribó a México junto con sus padres en 1940 y adoptó la nacionalidad mexicana al año siguiente. Destacó como crítico fílmico a partir de la década de 1950 y reunió varios de sus artículos en el volumen Miradas al cine (1972), nombre de la columna que en 1988 volvió a publicar en La cultura en México, suplemento de la revista Siempre!. Ha sido premiado por sus guiones de las películas El señor de Osanto (1972) y Naufragio (1977), dirigidas por Jaime Humberto Hermosillo. El cine italiano (1962) y Prohibido asomarse al interior (1984), el libro de entrevistas con Luis Buñuel coescrito con Tomás Pérez Turrent, se cuentan entre su bibliografía fílmica. Fue jefe de redacción del suplemento Sábado del periódico Uno más uno, perteneció al consejo de redacción de la revista Vuelta y dirigió El semanario cultural de Novedades. Cuentos para vencer a la muerte (1955); Ven, caballo gris y otras narraciones (1959); La lucha con la pantera (1962), obra llevada al cine por el realizador Alberto Bojórquez en 1974; La tumba india (1972); El mayor nacimiento del mundo y sus alrededores (1982); Viajes narrados (1993) y Tren de historias (1998) forman parte de la obra literaria de De la Colina, quien ha recibido el Premio Nacional de Periodismo Cultural y el Premio Mazatlán de Literatura. Traer a cuento: narrativa, 1959-2003 es una recolección casi completa de los cuentos del autor mexicano-español. | |
| 649 | |a XX | ||
| 650 | |a Críticos Mexicanos | ||
| 650 | |a Ensayos Mexicanos | ||
| 650 | |a Literatura y Cine | ||
| 650 | |a Literatura Mexicana - |y Siglo XX | ||
| 650 | |a Literatura Mexicana - |y Siglo XXI | ||
| 650 | |a Cine Norteamericano - |x Historia y Crítica | ||
| 650 | |a Cine - |x Historia y Crítica - |x Tema Principal | ||
| 650 | |a Astaire, Fred | ||
| 650 | |a Bogart, Humphrey | ||
| 650 | |a Buñuel, Luis | ||
| 650 | |a Earles, Harry Doll | ||
| 650 | |a Chaplin, Charles | ||
| 650 | |a Charisse, Cyd | ||
| 650 | |a Cooper, Merian C. | ||
| 650 | |a Curtiz, Michael | ||
| 650 | |a Dean, James | ||
| 650 | |a Dietrich, Marlene | ||
| 650 | |a Hardy, Oliver | ||
| 650 | |a Hitchcock, Alfred | ||
| 650 | |a Laurel, Stan | ||
| 650 | |a LeRoy, Mervyn | ||
| 650 | |a Mankiewicz, Joseph L. | ||
| 650 | |a Schoedsack, Ernest B. | ||
| 600 | |a Monroe, Marilyn | ||
| 910 | |a Fondo General | ||
| 920 | |a Impresos - Libros | ||
| 930 | |a Colección General | ||
| 905 | |a 101 | ||
| 901 | |a 0500295285 |b IT1 |c ACC |i c157831 |u 20250521 | ||
| 902 | |a https://opac.biblio.iteso.mx/vufind/Record/000399919 | ||